000 00526nas a22001571c 4500
001 zs0103+4.2018,1
035 _azs0103
008 181211s2018 gw |||| 000u eng d
264 _aStuttgart :
_bibidem-Verl.,
_c2018
700 1 _aMakarychev, Andrey
_eHerausgeberIn
245 0 0 _aJournal of Soviet and Post-Soviet Politics and Society. Identity Clashes: Russian and Ukrainian Debates on Culture, History, and Politics
_n4.2018,1
773 0 _wzs0103
_q4.2018,1
942 _cMG
040 _cRU-10907106
003 RU-10907106
999 _c52357
_d52357